Central Library OPAC University of Rajshahi

জালিয়াত কবলে বাহ রাম / (Record no. 40152)

MARC details
000 -LEADER
fixed length control field 01024nam a2200253 a 4500
001 - CONTROL NUMBER
control field 40152
003 - CONTROL NUMBER IDENTIFIER
rucl marc code BD-RjUL
005 - DATE AND TIME OF LATEST TRANSACTION
control field 20211209053140.0
008 - FIXED-LENGTH DATA ELEMENTS--GENERAL INFORMATION
fixed length control field 160423s1964 bg ||||| |||| 00| f ben d
020 ## - INTERNATIONAL STANDARD BOOK NUMBER
Terms of availability : PRs. 1.50
035 ## - SYSTEM CONTROL NUMBER
System control number (BD-RjUL) 40267
040 ## - CATALOGING SOURCE
Original cataloging agency BD-RjUL
Language of cataloging ben
Transcribing agency BD-RjUL
041 ## - LANGUAGE CODE
Language code of text/sound track or separate title ben
082 ## - DEWEY DECIMAL CLASSIFICATION NUMBER
Edition number 23
Classification number 891.443
Author mark and year KAJ 1964
100 ## - MAIN ENTRY--PERSONAL NAME
Personal name কাসেম, মোহাম্মদ আবুল
9 (RLIN) 123622
245 10 - TITLE STATEMENT
Title জালিয়াত কবলে বাহ রাম /
Statement of responsibility, etc. মোহাম্মদ আবুল কাসেম
260 ## - PUBLICATION, DISTRIBUTION, ETC. (IMPRINT)
Place of publication, distribution, etc. ঢাকা :
Name of publisher, distributor, etc. ওসমানিয়া বুক ডিপো,
Date of publication, distribution, etc. ১৯৬৪ (১৩৭১)
300 ## - PHYSICAL DESCRIPTION
Pagination ১০৮ পৃ. ;
Size ১৮ সেমি.
490 ## - SERIES STATEMENT
Series statement দস্যু বাহ রাম ;
Volume/sequential designation সিরিজ-১০ নং
650 ## - SUBJECT ADDED ENTRY--TOPICAL TERM
Topical term or geographic name as entry element বাংলা উপন্যাস
9 (RLIN) 123623
Topical term or geographic name as entry element Bengali Fiction
9 (RLIN) 123624
830 ## - SERIES ADDED ENTRY--UNIFORM TITLE
Uniform title দস্যু বাহ রাম ;
Volume number/sequential designation সিরিজ-১০ নং
942 ## - ADDED ENTRY ELEMENTS (KOHA)
Source of classification or shelving scheme Dewey Decimal Classification
Koha item type Books
Holdings
Lost status Source of classification or shelving scheme Damaged status Not for loan Collection code Permanent Location Current Location Shelving location Date acquired Source of acquisition Cost, normal purchase price Total Checkouts Full call number Date last seen Copy number Koha item type
  Dewey Decimal Classification     Fiction Central Library, University of Rajshahi Central Library, University of Rajshahi   28/07/1968 Nowrage Kitab Bistan 1.50   B 891.443 KAJ 1964 23/04/2016 C-2 Books